Happy For You - Dua Lipa - Statistics

General Stats
  • This quiz has been taken 46 times
  • The average score is 247 of 288
Answer Stats
Hint Answer % Correct
You
100%
you
100%
you)
100%
happy
96%
I
96%
then
96%
ever
93%
for
93%
I'm
93%
(I'm
93%
more
93%
on
93%
so
93%
than
93%
to
93%
your
93%
a
89%
Pre-Chorus | Verse 2 And
89%
could
89%
deserve
89%
even
89%
Even
89%
everything
89%
got
89%
hurt
89%
hurt)
89%
knew
89%
not
89%
picture
89%
saw
89%
where
89%
as
86%
didn't
86%
(Didn't
86%
it
86%
just
86%
Verse 1 Late
86%
model
86%
myself
86%
pretty
86%
She's
86%
she's
86%
think
86%
Tuesday
86%
want
86%
ask
82%
believe
82%
feel)
82%
had
82%
hot
82%
know
82%
look
82%
loved
82%
mad
82%
mad)
82%
real)
82%
really
82%
tell
82%
were
82%
why
82%
Baby
79%
'Cause
79%
Couldn't
79%
cry
79%
feeling?)
79%
hell
79%
is
79%
(Now
79%
now
79%
together
79%
(Oh
75%
Oh
75%
the
75%
this
75%
what
75%
you're
71%
else
68%
somebody
68%
back
64%
pieces
64%
see
64%
best
61%
gave
61%
must've
61%
them
61%
up
61%
was
57%
at
54%
looking
54%
picked
54%
hard
46%
hope
43%
(Hope
43%
parts
43%
all
39%
too)
39%
(Ooh)
18%
No matching quizzes found
Score Distribution
Percent of People with Each Score
Percentile by Number Answered
Your Score History
You have not taken this quiz